000
00275nam a22001217a 4500
999
_c
171398
_d
171398
082
_a
_b
100
_a
Jayant Neogy
245
_a
How best to use the internet and email/
_c
by Jayant Neogy.
260
_a
_b
Unicorn,
_c
2008.
300
_a
170p.
650
_a
942
_c
BK